Statistics for Capitals Cities from Coordinates

Click here to take the quiz!

General Stats

  • This quiz has been taken 17 times
  • The average score is 6 of 10

Answer Stats

HintAnswer% Correct
51° N 0° WLondon
100%
0° S 78° WQuito
88%
33° S 70° WSantiago
75%
47° N 106° EUlaanbaatar
75%
18° S 47° EAntananarivo
63%
12° N 15° EN'Djamena
50%
24° S 25° EGaborone
38%
6° N 158° EPalikir
38%
42° N 23° ESofia
38%
17° N 61° WSt Johns
13%

Score Distribution

Percentile by Number Answered

Percent of People with Each Score

Your Score History

You have not taken this quiz